000 00921nac a22002657a 4500
001 BR8100757
003 BR-BrBNA
005 20240105114911.0
008 230509b bl.|||m| |||| 00| 0 por d
040 _aBR-BrBNA
_bpor
_cBiblioteca Nacional de Agricultura
072 _aD10; A50
090 _aD10 BR8100757
100 1 _aVerdade, F. da C.
110 1 _aInstituto Agronomico, Campinas, SP (Brasil)
245 1 _aO apoio e a infra-estrutura em instituicoes de pesquisa e desenvolvimento [Brasil]
246 1 _a[Support and infra-structure in institutions of research and development [Brazil]]
260 3 _aCampinas, SP (Brasil):
_c1980.
300 _a14 p.
490 _aCircular - Instituto Agronomico (Brazil)
_vno. 112
_xISSN 0100-3402
650 _aAdministracao
650 _aPesquisa
650 _aInstituicao de pesquisa
909 _a202312
_bLúcia Elande
_c55
_dLúcia Elande
942 _2AGRIS
_n0
_cMS
999 _c271937
_d271937